The McGraw-Hill 36 hour Acconuting Course
| Main Author: | |
|---|---|
| Other Authors: | |
| Format: | Book |
| Published: |
New York :
McGraw-Hill ,
1993
|
| Edition: | 3rd ed. |
| Subjects: |
MARC
| LEADER | 00000cam a2200000 7i4500 | ||
|---|---|---|---|
| 001 | 0000004389 | ||
| 002 | 000004717 | ||
| 005 | .0 | ||
| 020 | |a 0070170940 | ||
| 090 | 0 | 0 | |a 657 |b DIX |
| 100 | 1 | |a Dixon, Robert L. | |
| 245 | 1 | 4 | |a The McGraw-Hill 36 hour Acconuting Course |c Robert L.Dixon and Harold E.Arnett |
| 250 | |a 3rd ed. | ||
| 260 | |a New York : |b McGraw-Hill , |c 1993 | ||
| 300 | |a 416p. ; |c 22cm. | ||
| 650 | 0 | 0 | |a Accounting |
| 700 | 1 | |a Arnett, Harold E. | |
| 740 | 0 | |a Acconuting Course | |
| 999 | |a 032894 |b BUKU |c RUJUKAN |e PERPUSTAKAAN KOMUNITI PETALING JAYA | ||